000 01227nam a2200373 a 4500
001 26115
003 CO-ViMGA
005 20230915232147.0
006 bimo0001859752
008 141112s2004 ck r 000 u spa d
016 _abimoBNE20030495020 SpMaBN
017 _aB 2130 - 2003 Oficina Depósito Legal Barcelona
020 _a8426132863
035 _a(OCoLC)432979106
040 _aCO-ViMGA
_bspa
_cCO-ViMGA
041 _aspa swe
080 _a087.5 : 82
082 0 4 _a839.736 G74p
100 1 _aGripe, Maria 1923 -
_940766
240 _aNattpappan Español
245 1 0 _aEl papá de noche /
_cMaría Gripe ; ilustraciones de Harald Gripe ; traducción, Mariano Orta Manzano
250 _a1a. ed. en esta colección
260 _aBarcelona Juventud 2003
300 _a140 p. il. 22 cm
490 _aColección Juventud
594 _aTraducción de : Nattpappan
650 1 4 _aCuentos suecos
700 1 _aGripe, Harald
_940767
830 _aJuventud (Editorial Juventud)
_940768
926 _aBNALCALA SG_PETANTI 12/176688 FONDO_MODE 1
942 _2ddc
_cBK
956 _a2
980 _a017. B 2130 - 2003 020. 84 - 261 - 3286 - 3 852. 40 M - BN BNALCALA MO04024471 12/176688 DG ALCALA
999 _c33335
_d33335